Classical mechanics / (Record no. 29885)
[ view plain ]
| 000 -LEADER | |
|---|---|
| fixed length control field | 00682 a2200181 4500 |
| 020 ## - INTERNATIONAL STANDARD BOOK NUMBER | |
| International Standard Book Number | 0521826780 |
| 020 ## - INTERNATIONAL STANDARD BOOK NUMBER | |
| International Standard Book Number | 9780521826785 |
| 082 ## - DEWEY DECIMAL CLASSIFICATION NUMBER | |
| Classification number | 531 |
| 090 ## - LOCALLY ASSIGNED LC-TYPE CALL NUMBER (OCLC); LOCAL CALL NUMBER (RLIN) | |
| -- | 1272 |
| -- | 1272 |
| 100 1# - MAIN ENTRY--PERSONAL NAME | |
| Personal name | Gregory, R. Douglas. |
| 245 10 - TITLE STATEMENT | |
| Title | Classical mechanics / |
| Statement of responsibility, etc. | R. Douglas Gregory. |
| 260 ## - PUBLICATION, DISTRIBUTION, ETC. | |
| Place of publication, distribution, etc. | [S.l.] : |
| Name of publisher, distributor, etc. | Cambridge University Press, |
| Date of publication, distribution, etc. | 2006. |
| 300 ## - PHYSICAL DESCRIPTION | |
| Extent | 608 p. ; |
| Dimensions | 25 cm. |
| 700 ## - ADDED ENTRY--PERSONAL NAME | |
| Personal name | Gregory, R. Douglas. |
| 942 ## - ADDED ENTRY ELEMENTS (KOHA) | |
| Institution code [OBSOLETE] | SNS |
| Koha item type | Book |
| Call number prefix | 531 GRE |
| Withdrawn status | Lost status | Damaged status | Not for loan | Permanent Location | Current Location | Date acquired | Total Checkouts | Full call number | Barcode | Date last seen | Price effective from | Koha item type | Total Renewals | Date last checked out |
|---|---|---|---|---|---|---|---|---|---|---|---|---|---|---|
| School of Natural Sciences (SNS) | School of Natural Sciences (SNS) | 05/26/2016 | 531 GRE | SNS0001305 | 05/26/2016 | 05/26/2016 | Book | |||||||
| School of Natural Sciences (SNS) | School of Natural Sciences (SNS) | 05/26/2016 | 3 | 531 GRE | SNS0002094 | 06/02/2025 | 05/26/2016 | Book | 2 | 02/12/2025 |
